Мононитридное топливо для быстрых реакторов; Атомная энергия; Т. 95, вып. 3

Бібліографічні деталі
Parent link:Атомная энергия: теоретический и научно-технический журнал/ Российская академия наук ; Министерство РФ по атомной энергии, ядерного общества.— , 1956-.— 0004-7163
Т. 95, вып. 3.— 2003.— с. 208-221
Автор: Рогозкин Б. Д.
Інші автори: Степеннова Н. М., Прошкин А. А.
Мова:Російська
Опубліковано: 2003
Серія:Статьи
Предмети:
Формат: Частина з книги
KOHA link:https://koha.lib.tpu.ru/cgi-bin/koha/opac-detail.pl?biblionumber=425968

MARC

LEADER 00000naa2a2200000 4500
001 425968
005 20231101074459.0
035 |a (RuTPU)RU\TPU\prd\84639 
035 |a RU\TPU\prd\19789 
090 |a 425968 
100 |a 20100625a2003 k y0rusy50 ca 
101 0 |a rus 
102 |a RU 
200 1 |a Мононитридное топливо для быстрых реакторов  |f Б. Д. Рогозкин, Н. М. Степеннова, А. А. Прошкин 
225 1 |a Статьи 
320 |a Библиогр.: 63 назв. 
461 1 |0 (RuTPU)RU\TPU\prd\33  |x 0004-7163  |t Атомная энергия  |o теоретический и научно-технический журнал  |f Российская академия наук ; Министерство РФ по атомной энергии, ядерного общества  |d 1956- 
463 1 |0 (RuTPU)RU\TPU\prd\84631  |t Т. 95, вып. 3  |v с. 208-221  |d 2003 
610 1 |a быстрые реакторы 
610 1 |a мононитридное топливо 
610 1 |a ядерная энергетика 
610 1 |a замкнутые топливные циклы 
610 1 |a исследование 
675 |a 621.039.526  |v 3 
700 1 |a Рогозкин  |b Б. Д. 
701 1 |a Степеннова  |b Н. М. 
701 1 |a Прошкин  |b А. А. 
801 1 |a RU  |b 63413507  |c 20031119  |g PSBO 
801 2 |a RU  |b 63413507  |c 20100625  |g RCR 
942 |c BK